1027 1441 1752 1912 1234 1551 1773 1206 1558 1003 1256 1297 1594 1697 1696 1082 1845 1357 1888 1171 1242 1369 1663 1215 1133 1005 1422 1898 1573 1427 1306 1993 1033 1747 1619 1043 1639 1875 1989 1522 1309 1512 1832 1747 1004 1673 1683 1460 1014 1638 1123 1494 1094 1063 1460 1204 1114 1499 1125 1349 1419 1440 1687 1819 1106 1334 1137 1992 1198 1313 1641 1426 1233 1701 1170 1488 1071 1692 1828 1458 1967 1163 1621 1335 1210 1477 1165 1607 1830 1758 1357 1590 1173 1185 1792 1935 1436 1863 1253 BCNSPRNW ULIB Ver.6.0+V

เปลี่ยนเป็นภาษาไทย

Change to English
 แสดงรายละเอียดบรรณานุกรม
  กลับหน้าหลัก

Brief Record : Get Marc (ISO 2709) : E-mail record : QR code < ปิดหน้าต่าง
LEADER : 00000nam 2200000uu 4500
001    13399122171
003     ULIB
008    130108s2554||||th 000 0 tha d
020    ^a9786165490207
060 04 ^aQZ200^bต694ม
100 0  ^aเต็มดวง ลิ้มไพบูลย์
245 10 ^aมะเร็งวิทยาระดับโมเลกุล =^bMolecular oncology /^cเต็มดวง ลิ้มไพบูลย์
260    ^aขอนแก่น :^bขอนแก่นการพิมพ์,^c2554
300    ^avi, 301 หน้า :^bภาพประกอบ ;^c30 ซม.
650  4 ^aมะเร็ง^xการวินิจฉัยจากเซลล์
710 2  ^aมหาวิทยาลัยขอนแก่น. ^bคณะเทคนิคการแพทย์
945    ^p550^l0^i19633
995    ^aกัณชพร
999    ^aใช้งานได้ทุกระบบ
รายการนี้ยังไม่มีแท็ก
คุณยังไม่ได้ล็อกอิน คุณสามารถมีกิจกรรมร่วมกับเว็บไซต์ได้ แต่ต้องล็อกอินก่อน ::
  ล็อกอิน

รายการสื่อสารสนเทศ

ลำดับที่ ประเภท เลขเรียก/บาร์โค้ด สถานที่ สถานะ
1. วิทยาศาสตร์การแพทย์ และสุขภาพ
วิทยาศาสตร์การแพทย์ และสุขภาพ
สถานะ=หนังสือเก่า
QZ200 ต694ม  
  Barcode: 19633
ห้องสมุดวิทยาเขตนครสวรรค์
►ส่วนจัดเก็บหนังสือเก่า นว.
บนชั้น
  ขอยืม

รายการใกล้เคียง
    ผู้แต่ง [เต็มดวง ลิ้มไพบูลย์]

BibComment


ยังไม่เคยถูกคอมเมนท์

คอมเมนท์ทรัพยากรรายการนี้
  คอมเมนท์: มะเร็งวิทยาระดับ..


 Copyright 2026. Bcnsprnw @Library